Elementary mathematics for teachers
Αποθηκεύτηκε σε:
| Κύριος συγγραφέας: | |
|---|---|
| Άλλοι συγγραφείς: | , |
| Μορφή: | Βιβλίο |
| Γλώσσα: | English |
| Δημοσίευση: |
New York :
John Wiley & Sons,
1983
|
| Έκδοση: | 2nd ed. |
| Θέματα: | |
| Ετικέτες: |
Προσθήκη ετικέτας
Δεν υπάρχουν, Καταχωρήστε ετικέτα πρώτοι!
|
MARC
| LEADER | 00000nam a2200000 i 4500 | ||
|---|---|---|---|
| 001 | 1/78797 | ||
| 008 | 990430s1983 eng d | ||
| 020 | |a 0-471-85947-8 | ||
| 035 | |l 10050234 | ||
| 040 | |a GR-MY-UA |b gre |e aacr | ||
| 041 | 0 | |a eng | |
| 082 | 0 | |a 372.7 | |
| 100 | 1 | |a Devine, Donald F. | |
| 245 | 1 | 0 | |a Elementary mathematics for teachers / |c Donald F. Devine, Judith Olson, Melfried Olson |
| 250 | |a 2nd ed. | ||
| 260 | |a New York : |b John Wiley & Sons, |c 1983 | ||
| 300 | |a 803 p. | ||
| 650 | 0 | 0 | |a Mathematics. |
| 650 | 0 | 0 | |a Mathematics |x Study and teaching. |
| 700 | 1 | |a Olson, Judith. | |
| 700 | 1 | |a Olson, Melfried. | |
| 852 | |a INST |b RHODES |e 19990430 |h 372.7 DEV |p 005400015390 |q 005400015390 |t BK |y 0 | ||
| 901 | |a BIBL-1999-1 | ||
| 909 | |a Ρ |b 064855 |c 1999 | ||
| 922 | |a 4ΕΛΗ |b 199903 |d LEADER | ||